000 00665nam a2200229Ia 4500
001 1976
003 GE_BSU
008 181216s||||||||xx |||||||||||||| ||und||
020 _a9785951602244
040 _cGE_BSU
080 _a343(075.8)
245 _aУголовно-исполнительное право
245 _bУчебник для юридических вузов
245 _cПод ред.В.И. Селиверстова
260 _aМосква
260 _bЮриспруденция
260 _c2007
300 _a392стр.
541 _h15л.
653 _aУголовно-исполнительное право
942 _cBK
999 _c36076
_d36076